[Event "Bergen Grand Prix 2019"]
[Site "Bergen"]
[Date "2019.11.17"]
[Round "4.5"]
[White "Johannessen, Heine N"]
[Black "Flasen, Aleksander"]
[Result "1-0"]
[WhiteElo "1772"]
[BlackElo "1949"]
[Annotator "NA RC"]
[PlyCount "156"]
[EventDate "2019.11.15"]
[EventType "swiss"]
[EventCountry "NOR"]
[SourceTitle "playchess.com"]
[Source "ChessBase"]
[SourceQuality "1"]
[TimeControl "40/5400:1800"]

1. d4 {[%emt 0:00:05]} Nf6 {[%emt 0:04:20]} 2. Nf3 {[%emt 0:00:29]} e6 {[%emt 0:00:09]} 3. c4 {[%emt 0:00:26]} b6 {[%emt 0:01:04]} 4. g3 {[%emt 0:01:17]} Ba6 {[%emt 0:01:24]} 5. Qc2 {[%emt 0:00:34]} Be7 {[%emt 0:02:22]} (5... Bb4+ 6. Bd2 Be7 7. e4 d5 8. cxd5 Bxf1 9. Kxf1 exd5 10. e5 Ne4 11. Nc3 Nxd2+ 12. Qxd2 Qd7 13. Kg2 Nc6 {1-0 (49) Kuzubov,Y (2636)-Ivanchuk,V (2686) Linares 2019}) 6. Bg2 {[%emt 0:00:48] E15: Queen's Indian: 4 g3 sidelines, 4 g3 Ba6 and 4 g3 Bb7 early deviations} d5 {[%emt 0:00:50]} 7. cxd5 {[%emt 0:03:45]} exd5 {[%emt 0:00:46]} 8. O-O {[%emt 0:00:25]} O-O {[%emt 0:01:15]} 9. Nc3 {[%emt 0:02:15]} Bb7 {[%emt 0:09:03]} 10. Bg5 {[%emt 0:07:15]} Nbd7 {[%emt 0:01:57]} 11. Ne5 {[%emt 0:06:56]} h6 {[%emt 0:05:04]} 12. Nxd7 $146 {[%emt 0:02:48]} ({Predecessor:} 12. Bf4 c6 13. Rfd1 Re8 {½-½ (68) Levin,E (2505)-Denisov,I (2400) Sochi 2016}) 12... Qxd7 {[%emt 0:00:39]} 13. Bxf6 {[%emt 0:01:52]} Bxf6 {[%emt 0:00:10]} 14. Rad1 {[%emt 0:02:25]} Rfd8 {[%emt 0:07:26]} 15. Rd2 {[%emt 0:01:32]} Rac8 {[%emt 0:03:02]} 16. Rfd1 {[%emt 0:03:32]} Bg5 {[%emt 0:03:24]} 17. e3 {[%emt 0:02:29]} c6 {[%emt 0:10:49]} 18. h4 {[%emt 0:02:09]} Be7 {[%emt 0:01:24]} 19. Kh2 {[%emt 0:00:38]} g5 {[%emt 0:01:24]} 20. Bh3 {[%emt 0:03:34]} g4 {[%emt 0:00:18]} 21. Bg2 {[%emt 0:07:42]} Qe6 {[%emt 0:08:16] [#]} 22. e4 $14 {[%emt 0:01:36]} Bb4 {[%emt 0:03:45]} 23. a3 {[%emt 0:01:04]} Bxc3 {[%emt 0:00:39]} 24. bxc3 {[%emt 0:00:13]} Re8 {[%emt 0:00:42]} 25. e5 {[%emt 0:03:26]} c5 {[%emt 0:03:50]} 26. Qd3 {[%emt 0:00:00]} cxd4 {[%emt 0:00:52]} 27. cxd4 {[%emt 0:00:00]} Rc4 {[%emt 0:01:36]} 28. Qe3 {[%emt 0:03:19]} Rec8 {[%emt 0:00:33]} 29. f4 {[%emt 0:01:55]} f5 {[%emt 0:03:21]} 30. Bf1 {[%emt 0:03:36]} Rc3 {[%emt 0:00:28]} 31. Rd3 {[%emt 0:00:46]} R3c7 {[%emt 0:00:12]} 32. R3d2 {[%emt 0:00:43]} Rc3 {[%emt 0:00:34]} 33. Rd3 {[%emt 0:00:07]} R3c7 {[%emt 0:00:03]} 34. Bg2 {[%emt 0:01:28]} Ba6 {[%emt 0:03:35]} 35. Rb3 {[%emt 0:00:28]} Kf7 {[%emt 0:00:53]} 36. Rdb1 {[%emt 0:01:10]} Rc2 {[%emt 0:01:23]} 37. R1b2 {[%emt 0:02:31]} R2c6 {[%emt 0:00:05]} 38. a4 {[%emt 0:00:30]} Bc4 {[%emt 0:00:52]} 39. Rb4 {[%emt 0:02:18]} Qd7 {[%emt 0:00:21]} 40. a5 {[%emt 0:01:08]} bxa5 {[%emt 0:00:52]} 41. Rb7 {[%emt 0:32:21]} R8c7 {[%emt 0:00:56]} 42. Rb8 {[%emt 0:00:00]} Qe7 {[%emt 0:05:56]} 43. Rh8 {[%emt 0:00:00]} Kg7 {[%emt 0:03:59]} 44. Rbb8 {[%emt 0:00:00]} Qe6 {[%emt 0:02:30]} 45. Rbe8 {[%emt 0:00:00]} Re7 {[%emt 0:01:03]} 46. Ref8 {[%emt 0:00:00]} Kg6 {[%emt 0:03:13]} 47. Qa3 {[%emt 0:00:00]} Qd7 {[%emt 0:00:37]} 48. Qxa5 {[%emt 0:00:00]} Ra6 {[%emt 0:01:25]} 49. Qb4 {[%emt 0:00:00]} Qb7 {[%emt 0:03:24]} 50. Qc5 {[%emt 0:00:00]} Rc6 {[%emt 0:00:28]} 51. Rf6+ {[%emt 0:00:00]} Rxf6 {[%emt 0:00:27]} 52. exf6 {[%emt 0:00:00]} Kxf6 {[%emt 0:00:48]} 53. Rxh6+ {[%emt 0:00:00]} Kf7 {[%emt 0:00:55]} 54. Qd6 {[%emt 0:00:00]} Qb6 {[%emt 0:00:04]} 55. Rh7+ {[%emt 0:00:00]} Kg8 {[%emt 0:00:14]} 56. Qxb6 {[%emt 0:00:00]} Kxh7 {[%emt 0:00:19]} 57. Qf6 {[%emt 0:00:00]} Re2 {[%emt 0:00:10]} 58. Qxf5+ {[%emt 0:00:00]} Kg7 {[%emt 0:00:01]} 59. Qxg4+ {[%emt 0:00:00]} Kf8 {[%emt 0:00:00]} 60. Qxe2 {[%emt 0:00:00]} Bxe2 {[%emt 0:00:02]} 61. Bxd5 {[%emt 0:00:00]} a5 {[%emt 0:00:04]} 62. Bb3 {[%emt 0:00:00]} Bg4 {[%emt 0:00:01]} 63. Kg2 {[%emt 0:00:00]} Ke7 {[%emt 0:00:01]} 64. Kf2 {[%emt 0:00:00]} Kd6 {[%emt 0:00:01]} 65. Ke3 {[%emt 0:00:00]} Kc6 {[%emt 0:00:03]} 66. Ke4 {[%emt 0:00:00]} Kb5 {[%emt 0:00:01]} 67. f5 {[%emt 0:00:00]} Kb4 {[%emt 0:00:00]} 68. Bc2 {[%emt 0:00:00]} Kc3 {[%emt 0:00:02]} 69. Ba4 {[%emt 0:00:10]} Kb4 {[%emt 0:00:01]} 70. Be8 {[%emt 0:00:25]} a4 {[%emt 0:00:01]} 71. Bxa4 {[%emt 0:00:30]} Kxa4 {[%emt 0:00:01]} 72. f6 {[%emt 0:00:14]} Bh5 {[%emt 0:00:06]} 73. g4 {[%emt 0:00:17]} Be8 {[%emt 0:00:04]} 74. Kd5 {[%emt 0:00:23]} Kb5 {[%emt 0:00:02]} 75. Kd6 {[%emt 0:00:12]} Kc4 {[%emt 0:00:05]} 76. Ke7 {[%emt 0:00:13]} Bg6 {[%emt 0:00:07]} 77. h5 {[%emt 0:00:10]} Kxd4 {[%emt 0:00:05]} 78. hxg6 {[%emt 0:00:10]} Kd5 {[%emt 0:00:11]} 1-0

[Event "Bergen Grand Prix 2019"]
[Site "Bergen"]
[Date "2019.11.17"]
[Round "4.6"]
[White "Rasmussen, Jonas H"]
[Black "Flatebo, Hallvard Haug"]
[Result "1/2-1/2"]
[WhiteElo "1951"]
[BlackElo "1837"]
[Annotator "NA RC"]
[PlyCount "92"]
[EventDate "2019.11.15"]
[EventType "swiss"]
[EventCountry "NOR"]
[SourceTitle "playchess.com"]
[Source "ChessBase"]
[SourceQuality "1"]
[TimeControl "40/5400:1800"]

1. d4 {[%emt 0:00:03]} f5 {[%emt 0:00:10]} 2. Nf3 {[%emt 0:00:13]} Nf6 {[%emt 0:00:06]} 3. g3 {[%emt 0:00:16]} d6 {[%emt 0:00:05]} 4. Bg2 {[%emt 0:00:08]} g6 {[%emt 0:00:04]} 5. O-O {[%emt 0:00:27]} Bg7 {[%emt 0:00:04]} 6. c4 {[%emt 0:00:29]} O-O {[%emt 0:00:10]} 7. Nc3 {[%emt 0:00:24]} Nc6 {[%emt 0:00:19]} 8. d5 {[%emt 0:10:45]} Ne5 {[%emt 0:00:06]} 9. Qb3 {[%emt 0:02:15]} Kh8 {[%emt 0:03:32] A89: Dutch Defence: Leningrad System: 5 Nf3 0-0 6 0-0 d6 7 Nc3 Nc6} (9... Ned7 10. Qc2 a5 11. Bg5 Nc5 12. Rad1 Bd7 13. Nd4 Qe8 14. Rfe1 Ng4 15. h3 h6 16. Bc1 Nf6 17. e4 fxe4 18. Nxe4 Nfxe4 19. Bxe4 Bxh3 20. Bxg6 {1-0 (46) Illescas Cordoba,M (2618)-Rapport,R (2704) Tromsoe 2014}) 10. Nd4 {[%emt 0:02:03]} a5 {[%emt 0:10:01]} 11. e3 $146 {[%emt 0:05:46]} (11. Rd1 $16) ({Predecessor:} 11. f4 Neg4 12. Ne6 Bxe6 13. dxe6 Rb8 14. h3 Nh6 15. Be3 {1-0 (40) Joksic,S (2325)-Orlov,P (2390) Pula 1982}) 11... Bd7 {[%emt 0:04:03]} 12. Nce2 {[%emt 0:04:07]} a4 {[%emt 0:02:44]} 13. Qc2 {[%emt 0:00:42]} c5 {[%emt 0:00:37]} 14. Nf3 {[%emt 0:07:31]} Nxf3+ {[%emt 0:02:44]} 15. Bxf3 {[%emt 0:00:09]} b5 {[%emt 0:03:01]} 16. cxb5 {[%emt 0:03:41]} Bxb5 {[%emt 0:00:42]} 17. Rd1 {[%emt 0:01:02] [#]} Ne4 $1 {[%emt 0:05:57]} 18. Nc3 {[%emt 0:06:37]} Nxc3 {[%emt 0:01:27]} 19. bxc3 {[%emt 0:00:06]} a3 {[%emt 0:00:32]} 20. Re1 {[%emt 0:02:27]} Qa5 {[%emt 0:03:46]} 21. Bd2 {[%emt 0:00:41]} Bc4 {[%emt 0:00:40]} 22. Be2 {[%emt 0:06:21]} Bxe2 {[%emt 0:08:26]} 23. Rxe2 {[%emt 0:00:07]} Rab8 {[%emt 0:03:54]} 24. c4 {[%emt 0:01:25]} Qb6 {[%emt 0:07:39]} (24... Qa6 $5 25. Bc3 $8 Rb2 26. Bxg7+ Kxg7 27. Qc3+ Kf7 $11) 25. Bc3 {[%emt 0:00:38]} Bf6 $16 {[%emt 0:00:44]} (25... Qa6 $11 {remains equal.}) 26. Ree1 {[%emt 0:00:54]} Qa6 {[%emt 0:01:04]} 27. Bxf6+ {[%emt 0:01:47]} exf6 {[%emt 0:02:10]} 28. Rab1 {[%emt 0:04:42]} Kg7 {[%emt 0:00:36]} 29. Rb3 {[%emt 0:02:22]} Qa5 {[%emt 0:06:22]} 30. Reb1 {[%emt 0:03:15]} Rb4 {[%emt 0:00:25]} 31. Rxb4 {[%emt 0:05:17]} cxb4 {[%emt 0:00:07]} 32. Qd2 {[%emt 0:03:31]} Rb8 {[%emt 0:00:44]} 33. Rb3 {[%emt 0:01:35]} Qc5 {[%emt 0:00:42]} 34. Qd4 {[%emt 0:02:14]} Qc7 {[%emt 0:02:47]} 35. Rb1 {[%emt 0:00:30]} Qa5 {[%emt 0:02:23]} 36. e4 {[%emt 0:01:28]} b3 {[%emt 0:04:36]} 37. axb3 {[%emt 0:00:37]} a2 {[%emt 0:00:27]} 38. Ra1 {[%emt 0:01:50]} Rxb3 {[%emt 0:00:31]} 39. Qd1 {[%emt 0:00:37]} Qa3 {[%emt 0:00:22]} 40. exf5 {[%emt 0:00:45]} Qb2 {[%emt 0:00:41]} 41. Kg2 {[%emt 0:00:43]} Rc3 {[%emt 0:01:08]} 42. fxg6 {[%emt 0:03:45]} Rc2 {[%emt 0:01:13]} 43. Qe1 {[%emt 0:02:22]} Rxf2+ {[%emt 0:05:12]} 44. Qxf2 {[%emt 0:03:07]} Qxa1 {[%emt 0:00:08]} 45. gxh7 {[%emt 0:00:52]} Kxh7 {[%emt 0:01:02]} 46. Qf5+ {[%emt 0:00:11]} Kg7 {[%emt 0:00:37]} 1/2-1/2

[Event "Bergen Grand Prix 2019"]
[Site "Bergen"]
[Date "2019.11.17"]
[Round "4.7"]
[White "Hjornevik, Knut J"]
[Black "Eliseev, Sergey"]
[Result "0-1"]
[WhiteElo "1807"]
[BlackElo "1911"]
[Annotator "NA RC"]
[PlyCount "124"]
[EventDate "2019.11.15"]
[EventType "swiss"]
[EventCountry "NOR"]
[SourceTitle "playchess.com"]
[Source "ChessBase"]
[SourceQuality "1"]
[TimeControl "40/5400:1800"]

1. d4 {[%emt 0:00:02]} Nf6 {[%emt 0:00:07]} 2. Bg5 {[%emt 0:01:12]} e6 {[%emt 0:00:28]} 3. e3 {[%emt 0:00:25]} h6 {[%emt 0:00:09]} 4. Bh4 {[%emt 0:00:26]} d5 {[%emt 0:01:09]} 5. c4 {[%emt 0:01:24]} c6 {[%emt 0:00:33]} 6. Nc3 {[%emt 0:00:14]} Nbd7 {[%emt 0:01:59]} 7. h3 {[%emt 0:02:37]} Qa5 {[%emt 0:01:45]} 8. Bxf6 {[%emt 0:04:14]} Nxf6 {[%emt 0:00:13]} 9. a3 {[%emt 0:07:15]} Ne4 {[%emt 0:07:08]} 10. Rc1 {[%emt 0:00:00]} (10. Qa4 $11 Qxa4 11. Nxa4) 10... dxc4 {[%emt 0:05:47]} 11. Bxc4 {[%emt 0:00:00]} b5 {[%emt 0:01:52]} 12. Bd3 {[%emt 0:00:00]} Nxc3 {[%emt 0:00:18]} 13. Qd2 $1 {[%emt 0:00:00] Pin} Bd7 {[%emt 0:06:31]} (13... b4 $15 14. axb4 Qd5 15. Qxc3 Qxg2) 14. Ne2 {[%emt 0:00:00] Pin} Rb8 {[%emt 0:20:59]} 15. Nxc3 {[%emt 0:01:01]} b4 {[%emt 0:04:41]} 16. Ne4 {[%emt 0:00:14]} Qd5 $11 {[%emt 0:06:28]} 17. O-O {[%emt 0:14:11]} bxa3 {[%emt 0:01:40]} 18. bxa3 {[%emt 0:01:15]} Bxa3 {[%emt 0:01:10]} 19. Rc4 {[%emt 0:00:50]} a5 {[%emt 0:03:16]} 20. Nc5 {[%emt 0:03:48]} Bb4 {[%emt 0:00:11]} 21. Qe2 {[%emt 0:00:32]} Qd6 {[%emt 0:03:32]} 22. e4 {[%emt 0:05:52]} Bxc5 {[%emt 0:04:53]} 23. dxc5 {[%emt 0:00:06]} Qe5 {[%emt 0:01:59]} 24. Qd2 {[%emt 0:04:16]} Ra8 {[%emt 0:00:32]} 25. Bc2 {[%emt 0:00:55]} Ra7 {[%emt 0:02:19]} 26. f4 {[%emt 0:00:14]} Qc7 {[%emt 0:00:40]} 27. e5 {[%emt 0:00:07]} O-O {[%emt 0:00:17]} 28. Qd3 {[%emt 0:00:05]} g6 {[%emt 0:00:13]} 29. Qg3 {[%emt 0:03:36]} Kg7 {[%emt 0:00:55]} 30. Rd1 {[%emt 0:03:13]} Rfa8 {[%emt 0:01:08]} 31. Rcd4 {[%emt 0:01:52]} Qc8 {[%emt 0:01:02]} 32. Qh4 {[%emt 0:00:22]} Qd8 {[%emt 0:01:18]} 33. Qf6+ {[%emt 0:00:24]} Kg8 {[%emt 0:00:19]} 34. Qxd8+ {[%emt 0:01:11]} Rxd8 {[%emt 0:00:01]} 35. Ba4 {[%emt 0:00:10]} Rc7 {[%emt 0:00:10]} 36. Rd6 {[%emt 0:00:27]} Kf8 {[%emt 0:01:00]} 37. Kf2 {[%emt 0:00:34]} Ke7 {[%emt 0:00:08]} 38. Ke3 {[%emt 0:00:08]} Rb8 {[%emt 0:00:24]} 39. R1d4 {[%emt 0:01:54]} Rb2 {[%emt 0:00:27]} 40. g3 {[%emt 0:00:42]} Ra2 {[%emt 0:00:34]} 41. Kf3 {[%emt 0:30:58]} Ra3+ {[%emt 0:31:10]} 42. Kf2 {[%emt 0:00:32]} Rc3 {[%emt 0:00:00]} 43. Bd1 {[%emt 0:00:00]} Rxc5 {[%emt 0:00:00]} 44. Bf3 {[%emt 0:00:00]} Ra7 {[%emt 0:00:00]} 45. Ra4 {[%emt 0:00:00]} Rc2+ {[%emt 0:00:00]} 46. Ke3 {[%emt 0:00:00]} Rc3+ {[%emt 0:00:00]} 47. Rd3 {[%emt 0:00:00]} Rc5 {[%emt 0:00:00]} 48. Kd4 {[%emt 0:00:00]} Rc1 {[%emt 0:00:00]} 49. Rc4 {[%emt 0:00:00]} Rxc4+ {[%emt 0:00:00]} 50. Kxc4 {[%emt 0:00:00]} Ra6 {[%emt 0:00:00]} 51. Bd1 {[%emt 0:00:00]} Rb6 {[%emt 0:00:00]} 52. h4 {[%emt 0:00:00]} Rb4+ {[%emt 0:00:00]} 53. Kc5 {[%emt 0:00:00]} Rb5+ {[%emt 0:00:00]} 54. Kc4 {[%emt 0:00:00]} Rd5 {[%emt 0:00:00]} 55. Bf3 {[%emt 0:00:00]} Rxd3 {[%emt 0:00:00]} 56. Kxd3 {[%emt 0:00:00]} c5 {[%emt 0:00:00]} 57. Kc4 {[%emt 0:00:00]} a4 {[%emt 0:00:00]} 58. Bd1 {[%emt 0:00:00]} Bc6 {[%emt 0:00:00]} 59. Kxc5 {[%emt 0:00:00]} a3 {[%emt 0:00:00]} 60. Bb3 {[%emt 0:00:00]} Bd5 {[%emt 0:00:00]} 61. Kb4 {[%emt 0:00:00]} a2 {[%emt 0:00:00]} 62. Bxa2 {[%emt 0:00:03]} Bxa2 {[%emt 0:00:00]} 0-1

[Event "Bergen Grand Prix 2019"]
[Site "Bergen"]
[Date "2019.11.17"]
[Round "4.8"]
[White "Sorhus, Jostein"]
[Black "Jacobsen, Hans-Henry"]
[Result "0-1"]
[WhiteElo "1630"]
[BlackElo "1646"]
[Annotator "NA RC"]
[PlyCount "96"]
[EventDate "2019.11.15"]
[EventType "swiss"]
[EventCountry "NOR"]
[SourceTitle "playchess.com"]
[Source "ChessBase"]
[SourceQuality "1"]
[TimeControl "40/5400:1800"]

1. d4 {[%emt 0:00:10]} Nf6 {[%emt 0:00:09]} 2. c4 {[%emt 0:00:12]} c5 {[%emt 0:00:07]} 3. d5 {[%emt 0:01:42]} b5 {[%emt 0:00:05]} 4. g3 {[%emt 0:00:17]} bxc4 {[%emt 0:00:20]} 5. Bg2 {[%emt 0:00:25]} d6 {[%emt 0:01:28]} 6. Nf3 {[%emt 0:00:55]} Nbd7 {[%emt 0:01:09]} 7. O-O {[%emt 0:03:32]} Nb6 {[%emt 0:01:34]} 8. Nc3 {[%emt 0:00:27]} g6 {[%emt 0:00:46]} 9. a4 {[%emt 0:00:20]} a5 {[%emt 0:01:58]} 10. e4 {[%emt 0:01:25]} Bg4 {[%emt 0:01:22]} 11. h3 {[%emt 0:01:10]} Bxf3 {[%emt 0:00:08]} 12. Bxf3 {[%emt 0:06:55]} Nfd7 {[%emt 0:02:14]} 13. Bf4 {[%emt 0:00:59]} Bg7 {[%emt 0:00:10]} 14. Qd2 {[%emt 0:03:05]} O-O {[%emt 0:00:55]} 15. Bh6 {[%emt 0:01:31]} Ne5 {[%emt 0:04:47]} 16. Be2 {[%emt 0:00:00]} Qc8 {[%emt 0:04:30]} 17. Kg2 {[%emt 0:00:12]} Qa6 {[%emt 0:01:59]} 18. Bxg7 {[%emt 0:00:22]} Kxg7 {[%emt 0:00:12]} 19. Nb5 {[%emt 0:00:41]} Rfc8 {[%emt 0:01:22]} 20. Qc3 {[%emt 0:02:37]} Kg8 {[%emt 0:00:52]} 21. b3 {[%emt 0:01:45]} cxb3 {[%emt 0:01:52]} 22. f4 {[%emt 0:01:02]} Ned7 {[%emt 0:01:12]} 23. Qxb3 {[%emt 0:07:44]} c4 {[%emt 0:02:20]} 24. Qc2 {[%emt 0:01:28]} Rab8 {[%emt 0:05:44]} 25. Nd4 {[%emt 0:02:22]} Nc5 {[%emt 0:02:41]} 26. Nc6 {[%emt 0:01:00]} Rb7 {[%emt 0:00:31]} 27. f5 {[%emt 0:00:53]} Nd3 {[%emt 0:02:54]} 28. Bg4 {[%emt 0:03:07]} Rcc7 {[%emt 0:00:58]} 29. Qd2 {[%emt 0:02:16]} Nxd5 {[%emt 0:02:01]} 30. Rab1 {[%emt 0:05:20]} Qxc6 {[%emt 0:05:38]} 31. exd5 {[%emt 0:00:35]} Qxa4 {[%emt 0:00:21]} 32. fxg6 {[%emt 0:01:41]} hxg6 {[%emt 0:00:32]} 33. Be2 {[%emt 0:17:17]} Ne5 {[%emt 0:02:07]} 34. Qh6 {[%emt 0:06:32]} Qa2 {[%emt 0:00:53]} 35. Rbe1 {[%emt 0:06:52]} Rb2 {[%emt 0:08:03]} 36. Rxf7 {[%emt 0:01:22]} Rxe2+ {[%emt 0:00:58]} 37. Rxe2 {[%emt 0:00:26]} Qxe2+ {[%emt 0:00:20]} 38. Rf2 {[%emt 0:00:14]} Qe4+ {[%emt 0:01:27]} 39. Kf1 {[%emt 0:01:06]} Nf3 {[%emt 0:00:53]} 40. Kg2 {[%emt 0:00:00]} Ne5+ {[%emt 0:00:00]} 41. Kh2 {[%emt 0:00:07]} Rc8 {[%emt 0:06:49]} 42. g4 {[%emt 0:09:07]} Rb8 {[%emt 0:01:14]} 43. Kg3 {[%emt 0:03:37]} Rb3+ {[%emt 0:04:59]} 44. Kh2 {[%emt 0:04:52]} Rf3 {[%emt 0:02:33]} 45. Qh4 {[%emt 0:02:39]} Qf4+ {[%emt 0:01:08]} 46. Kg2 {[%emt 0:00:34]} Rxf2+ {[%emt 0:00:08]} 47. Qxf2 {[%emt 0:00:09]} Qxf2+ {[%emt 0:00:10]} 48. Kxf2 {[%emt 0:00:07]} a4 {[%emt 0:00:15]} 0-1

[Event "Bergen Grand Prix 2019"]
[Site "Bergen"]
[Date "2019.11.17"]
[Round "4.9"]
[White "Sivertsen, Jarle"]
[Black "Breiland, John"]
[Result "1-0"]
[WhiteElo "1597"]
[BlackElo "1536"]
[Annotator "NA RC"]
[PlyCount "141"]
[EventDate "2019.11.15"]
[EventType "swiss"]
[EventCountry "NOR"]
[SourceTitle "playchess.com"]
[Source "ChessBase"]
[SourceQuality "1"]
[TimeControl "40/5400:1800"]

1. d4 {[%emt 0:00:02]} e6 {[%emt 0:01:29]} 2. c4 {[%emt 0:01:41]} Nf6 {[%emt 0:00:28]} 3. Bg5 {[%emt 0:00:34]} d5 {[%emt 0:00:29]} 4. e3 {[%emt 0:00:50]} c5 {[%emt 0:04:20]} 5. Nf3 {[%emt 0:02:07]} Be7 {[%emt 0:06:38]} 6. Nc3 {[%emt 0:00:25]} O-O {[%emt 0:00:50]} 7. Be2 {[%emt 0:01:36]} dxc4 {[%emt 0:06:53]} 8. dxc5 {[%emt 0:01:27]} Qa5 {[%emt 0:08:36]} 9. Qa4 {[%emt 0:02:03]} Qxc5 {[%emt 0:05:18]} 10. Qxc4 {[%emt 0:00:20]} Qxc4 {[%emt 0:03:29]} 11. Bxc4 {[%emt 0:00:08]} h6 {[%emt 0:00:14]} 12. Bh4 {[%emt 0:00:59]} a6 {[%emt 0:02:28]} 13. a4 {[%emt 0:04:00]} b6 {[%emt 0:04:36]} 14. O-O {[%emt 0:01:00]} Nc6 {[%emt 0:02:36]} 15. h3 {[%emt 0:02:20]} Bb7 {[%emt 0:00:22]} 16. Rfd1 {[%emt 0:02:33]} Rfd8 {[%emt 0:03:07]} 17. Ne2 {[%emt 0:01:58]} Na5 {[%emt 0:01:24]} 18. Ba2 {[%emt 0:07:41]} Bxf3 {[%emt 0:06:59]} 19. gxf3 {[%emt 0:00:07]} Rxd1+ {[%emt 0:03:48]} 20. Rxd1 {[%emt 0:00:10]} Rd8 {[%emt 0:00:48]} 21. Rxd8+ {[%emt 0:00:40]} Bxd8 {[%emt 0:00:01]} 22. b4 {[%emt 0:00:43]} Nc6 {[%emt 0:01:02]} 23. b5 {[%emt 0:00:36]} axb5 {[%emt 0:00:25]} 24. axb5 {[%emt 0:00:09]} Ne7 {[%emt 0:04:43]} 25. Bg3 {[%emt 0:00:41]} Nf5 {[%emt 0:00:30]} 26. Bh2 {[%emt 0:04:01]} Nd7 {[%emt 0:01:47]} 27. Kg2 {[%emt 0:02:44]} Nh4+ {[%emt 0:01:06]} 28. Kg3 {[%emt 0:01:39]} g5 {[%emt 0:00:07]} 29. f4 {[%emt 0:01:17]} Bc7 {[%emt 0:00:57]} 30. f3 {[%emt 0:04:41]} Nf6 {[%emt 0:01:16]} 31. Kf2 {[%emt 0:03:37]} Nh5 {[%emt 0:00:39]} 32. Bc4 {[%emt 0:06:49]} Ng6 {[%emt 0:00:46]} 33. f5 {[%emt 0:04:42]} Bxh2 {[%emt 0:01:16]} 34. fxg6 {[%emt 0:00:19]} Bd6 {[%emt 0:03:00]} 35. gxf7+ {[%emt 0:00:38]} Kxf7 {[%emt 0:00:02]} 36. Nc3 {[%emt 0:01:36]} Ke7 {[%emt 0:01:53]} 37. Ne4 {[%emt 0:01:02]} Bc7 {[%emt 0:00:16]} 38. Ke2 {[%emt 0:00:54]} Ng3+ {[%emt 0:01:57]} 39. Kd3 {[%emt 0:01:10]} Nf5 {[%emt 0:00:12]} 40. Ke2 {[%emt 0:01:13]} Bh2 {[%emt 0:01:16]} 41. Bd3 {[%emt 0:36:12]} Bg1 {[%emt 0:02:35]} 42. Nf2 {[%emt 0:00:00]} Bxf2 {[%emt 0:02:04]} 43. Kxf2 {[%emt 0:00:00]} Kd6 {[%emt 0:00:04]} 44. f4 {[%emt 0:00:00]} gxf4 {[%emt 0:00:38]} 45. exf4 {[%emt 0:00:00]} Kc5 {[%emt 0:00:10]} 46. Kf3 {[%emt 0:00:00]} Nd4+ {[%emt 0:00:27]} 47. Kg4 {[%emt 0:00:00]} Nxb5 {[%emt 0:00:19]} 48. Kh5 {[%emt 0:00:00]} Nd4 {[%emt 0:01:39]} 49. Kxh6 {[%emt 0:00:00]} b5 {[%emt 0:00:01]} 50. h4 {[%emt 0:00:00]} b4 {[%emt 0:00:01]} 51. h5 {[%emt 0:00:00]} b3 {[%emt 0:00:07]} 52. Kg6 {[%emt 0:00:00]} Nc2 {[%emt 0:00:34]} 53. h6 {[%emt 0:00:00]} Kd4 {[%emt 0:00:02]} 54. h7 {[%emt 0:00:00]} Kxd3 {[%emt 0:01:17]} 55. h8=Q {[%emt 0:00:00]} Nd4 {[%emt 0:00:39]} 56. Qh1 {[%emt 0:00:00]} b2 {[%emt 0:01:16]} 57. Qd1+ {[%emt 0:00:00]} Kc3 {[%emt 0:06:26]} 58. Kf6 {[%emt 0:03:05]} Nb3 {[%emt 0:02:25]} 59. Kxe6 {[%emt 0:02:40]} Nc1 {[%emt 0:00:39]} 60. Qe1+ {[%emt 0:00:44]} Kc2 {[%emt 0:02:19]} 61. Qe4+ {[%emt 0:00:09]} Nd3 {[%emt 0:00:11]} 62. Qc4+ {[%emt 0:00:10]} Kd2 {[%emt 0:00:34]} 63. Qa2 {[%emt 0:02:41]} Nxf4+ {[%emt 0:00:06]} 64. Ke5 {[%emt 0:00:44]} Nd3+ {[%emt 0:00:02]} 65. Kd4 {[%emt 0:00:21]} Kc2 {[%emt 0:00:47]} 66. Qc4+ {[%emt 0:00:24]} Kb1 {[%emt 0:00:26]} 67. Qxd3+ {[%emt 0:00:04]} Ka2 {[%emt 0:00:12]} 68. Qc2 {[%emt 0:00:15]} Ka1 {[%emt 0:00:24]} 69. Qa4+ {[%emt 0:00:03]} Kb1 {[%emt 0:00:09]} 70. Kc3 {[%emt 0:00:04]} Kc1 {[%emt 0:00:07]} 71. Qc2# {[%emt 0:00:03]} 1-0